| 000 | 00763nam a2200229 a 4500 | ||
|---|---|---|---|
| 001 | 53065 | ||
| 003 | BD-RjUL | ||
| 005 | 20211209075913.0 | ||
| 008 | 161003s1972 bg ||||| |||| 00| 0 ben d | ||
| 020 | _c: TK 3.00 | ||
| 035 | _a(BD-RjUL)53185 | ||
| 040 |
_aBD-RjUL _bben _cBD-RjUL |
||
| 041 | _aben | ||
| 082 |
_223 _a891.441 _bSIS 1972 |
||
| 100 |
_aসিদ্দিকী, ফারুক _9158594 |
||
| 245 | 1 | 0 |
_aস্বরচিহ্নে ফুলের শব / _cফারুক সিদ্দিকী |
| 260 |
_aঢাকা : _bমোসুমী, _c১৯৭২ |
||
| 300 |
_a৪৬ পৃ. ; _c২১ সেমি. |
||
| 650 |
_aবাংলা কবিতা _9158595 |
||
| 650 |
_aBengali Poetry _9158596 |
||
| 942 |
_2ddc _cBK |
||
| 999 |
_c53065 _d53065 |
||